LEADER 01221cam0-22004451i-450- 001 990000665900403321 005 20120528094955.0 035 $a000066590 035 $aFED01000066590 035 $a(Aleph)000066590FED01 035 $a000066590 100 $a20020821d1968----km-y0itay50------ba 101 0 $aita 102 $aIT 105 $ay-------001yy 200 1 $aProgetto e destino$fGiulio Carlo Argan 205 $a2. ed. 210 $aMilano$cIl Saggiatore$d1968 215 $a373 p.$d21 cm 225 1 $a<>cultura$iSaggi di arte e di letteratura$v17 610 0 $aArchitettura$aSec. 20.$aSaggi 610 0 $aArchitettura contemporanea$aCritica 676 $a724 676 $a724.6$v21$zita 700 1$aArgan,$bGiulio Carlo$f<1909-1992>$02148 801 0$aIT$bUNINA$gRICA$2UNIMARC 901 $aBK 912 $a990000665900403321 952 $a724.6 ARG 1$bST. ARTE 7691$fFLFBC 952 $a01 SAGGI 38$b2105$fDINST 952 $aRARI B 127$b8627a$fFARBC 952 $a541065$fDCATA 952 $a07.136$b5474$fDARST 959 $aDINST 959 $aFLFBC 959 $aFARBC 959 $aDCATA 959 $aDARST 996 $aProgetto e destino$9266736 997 $aUNINA LEADER 02634nam 2200625 450 001 9910818710503321 005 20230124193244.0 010 $a1-4422-4388-0 035 $a(CKB)3710000000450990 035 $a(EBL)2095582 035 $a(OCoLC)914166159 035 $a(SSID)ssj0001518705 035 $a(PQKBManifestationID)12634126 035 $a(PQKBTitleCode)TC0001518705 035 $a(PQKBWorkID)11511406 035 $a(PQKB)10937111 035 $a(MiAaPQ)EBC2095582 035 $a(EXLCZ)993710000000450990 100 $a20160822h20152015 uy 0 101 0 $aeng 135 $aur|n|---||||| 181 $ctxt 182 $cc 183 $acr 200 10$aData visualizations and infographics /$fSarah K. C. Mauldin 210 1$aLanham, Maryland :$cRowman & Littlefield,$d2015. 210 4$dİ2015 215 $a1 online resource (135 p.) 225 1 $aLibrary Technology Essentials ;$vNumber 8 300 $aDescription based upon print version of record. 311 $a1-4422-4387-2 311 $a1-4422-4386-4 320 $aIncludes bibliographical references and index. 327 $aContents; Series Editor's Foreword; Preface; Acknowledgments; 1 An Introduction to Data Visualizations and Infographics; 2 Getting Started with Data Visualizations and Infographics; 3 Tools and Applications; 4 Library Examples and Case Studies; 5 Step-by-Step Library Projects for Data Visualizations and Infographics; 6 Tips and Tricks; 7 Future Trends; Recommended Reading; Index; About the Author 330 $aThis complete how-to guidebook provides you with the tools and inspiration you need to use infographics and data visualization techniques in your library to knock your audience's socks off as you tell your story in a visual format that can be consumed and understood at a glance. 410 0$aLibrary technology essentials ;$vNumber 8. 606 $aLibrary science$xGraphic methods 606 $aCharts, diagrams, etc$xDesign 606 $aCommunication in library science 606 $aVisual communication 606 $aInformation visualization 615 0$aLibrary science$xGraphic methods. 615 0$aCharts, diagrams, etc.$xDesign. 615 0$aCommunication in library science. 615 0$aVisual communication. 615 0$aInformation visualization. 676 $a020.22/2 700 $aMauldin$b Sarah K. C.$f1977-$01651637 801 0$bMiAaPQ 801 1$bMiAaPQ 801 2$bMiAaPQ 906 $aBOOK 912 $a9910818710503321 996 $aData visualizations and infographics$94001698 997 $aUNINA